00354 2200145 4500001002100000005001500021035002000036245004800056100002200104300001200126260002400138082000800162084001400170990002400184INLIS00000000000213520250527112733 a0010-05250004271 aSeni Olah Raga Atletik /cWindendra Adi dkk0 aWindendra Adi dkk a104 hlm bInsan Madani,c2008 a700 a700 WIN s a0713135 s/d 0713136